Tiere Bilder Rätsel - Primaten - Statistiken

Allgemein
  • Dieses Quiz wurde 237 mal gespielt
  • Das Durchschnittsergebnis liegt bei 8 aus 16
Antwortstatistiken
Bildquiz Antwort % Korrekt
Gorilla
98%
Orang-Utan
93%
Schimpanse
91%
Nasenaffe
87%
Pavian
78%
Brüllaffe
70%
Bonobo
59%
Mandrillartige
50%
Katta
48%
Löwenäffchen
28%
Makake
27%
Fingertier
21%
Meerkatze
19%
Klammeraffe
8%
Saki
6%
Sifaka
4%
Keine übereinstimmenden Quizze gefunden
Verteilung der Resultate
Anzahl Personen mit jedem Resultat
Perzentil nach korrekt beantworteten Fragen
Ihre Resultats-Entwicklung
Sie haben dieses Quiz noch nicht gespielt